| 000 | 00382nam a2200133Ia 4500 | ||
|---|---|---|---|
| 008 | 231019s9999 xx 000 0 und d | ||
| 082 |
_a657.42 _bZAH-C |
||
| 100 | _aDr.Zahid Mehmood,Sultan Mehmood Baig, M.Arshad Awan,Khalid Latif | ||
| 245 | 0 | _aCost Accounting | |
| 260 |
_a Lahore, Pakistan _bImtiaz Book Depot. _c2014-2015 |
||
| 300 | _a689 | ||
| 650 | _aAccounting | ||
| 999 |
_c34455 _d34455 |
||